LEADER 00842nam2 2200241 i 450 001 SUN0049564 005 20090722120000.0 100 $a20060811d1977 |0itac50 ba 101 $aita 102 $aIT 105 $a||||F ||||| 200 1 $aˆ2: ‰Dada-Fisiologia 210 $aRoma$cIstituto della enciclopedia italiana$dc1977 215 $aIX, 1068 p., [62] c. di tav.$cill.$d32 cm. 461 1$1001SUN0046902$12001 $aEnciclopedia del Novecento$v2$1205 $aRoma : Istituto della Enciclopedia italiana$1210 $dv. ; 32 cm$1215 $aDir. Aldo Ferrabino. 606 $aEnciclopedie$2FI$3SUNC017470 620 $dRoma$3SUNL000360 676 $a035.1$v21 712 $aIstituto della Enciclopedia italiana$3SUNV000413$4650 801 $aIT$bSOL$c20181109$gRICA 912 $aSUN0049564 996 $aDada-Fisiologia$91405971 997 $aUNICAMPANIA